000 00496nam a2200169 i 4500
001 88476
003 ES-MaACL
005 20240531062941.0
007 t|
008 050104s1976 sp ||||1| spa d
100 0 _aLalinde Abadía, Jesús,
_d1920-2007
_969731
245 1 4 _aLos fueros de Aragón /
_cJesús Lalinde Abadía.
260 _aZaragoza :
_bLibrería General,
_c[1976]
300 _a174 p. ;
_c19 cm.
852 _aES-MaACL
_jA-8713
_bR.98093
999 _c88476
_d88476